| 000 | 00981nam a22003257a 4500 | ||
|---|---|---|---|
| 001 | BR2011000838 | ||
| 003 | BR-BrBNA | ||
| 005 | 20230928103445.0 | ||
| 007 | ta | ||
| 008 | 230509b bl.||||| |||| 00| 0 por d | ||
| 040 |
_aBR-BrBNA _bpor _cBiblioteca Nacional de Agricultura |
||
| 041 | _a(Por) | ||
| 072 |
_aH20 _b2120 _b4120 |
||
| 090 | _ 2120 BR2011000838 | ||
| 100 | 1 | _aArmesto, C. | |
| 110 | 1 |
_aUniversidade Federal de Lavras, MG (Brasil) _0Tese (Mestrado) |
|
| 245 | 1 | _aTransformação genética de Colletotrichum gloeosporioides agente etiológico da mancha manteigosa em cafeeiro com o gene gfp | |
| 260 | 3 |
_aLavras, MG (Brasil): _c2010. |
|
| 300 | _a44 p. | ||
| 500 | _aSummaries (Eng, Por); 44 ref.; 5 illus. | ||
| 650 | _aCAFÉ | ||
| 650 | _aGENE | ||
| 650 | _aCOLLETOTRICHUM GLOEOSPORIOIDES | ||
| 650 | _aANTRACNOSE | ||
| 650 | _aFUNGO | ||
| 650 | _aBIOLOGIA | ||
| 650 | _aCRIAÇÃO MASSAL | ||
| 909 |
_a202309 _bLucia _c55 _dLucia Elande |
||
| 942 | _cBK | ||
| 999 |
_c75200 _d75200 |
||